00537nam a2200157 a 450008200160000010000180001624500790003426000450011330000080015850000350016650500100020165000110021194200070022295201330022999900170036200a297.409 ERN aErnst, Carl W aEternal Garden: Mysticism, History & politics at a South Asian Sufi Center aDelhibIntercultural Publications c2000 a381 aincludes index and biblioraphy2 aIndex aSufism cBK 001040708StackRoom-aHMIbHMId2013-05-01g528.00l2m2o297.409 ERNp017628r2018-08-31s2018-08-21v528.00w2005-05-24yBK c10587d10587